000 00357nam a2200157 4500
008 170714s2014||||xo d
245 1 0 _aHabsburgovci v dejinách
041 1 _aslo
044 _axo
_cSK
260 _bIKAR
_aBratislava
_c2014
250 _a1. vydanie
020 _c5,00
300 _a128 s.
100 1 _aVocelka Karl
_9395
958 _aAPR
999 _c21532
_d21532